| 000 | 01675nam a22004337a 4500 | ||
|---|---|---|---|
| 003 | CHAP | ||
| 005 | 20220329143248.0 | ||
| 008 | 071105s2007 mx r 00010 spa d | ||
| 010 | _a94121 | ||
| 011 | _a95093 | ||
| 035 | _a105697 | ||
| 040 | _cCHAP | ||
| 090 | _aTesis | ||
| 100 | 1 |
_aLópez García, Isael. _967905 |
|
| 245 | 1 | 0 |
_aFormulación y evaluación de un proyecto de engorda de toros en Quistajito, municipio de la Independencia, Chiapas _c/por Isael López García |
| 260 |
_aChapingo, Méx. : _bEl autor, _c2007 |
||
| 300 |
_a62 h. : _bgráfs. ; cuadros |
||
| 502 | _aTesis (Ing. Agr. Esp. en Zootecnia) -- UACH. Departamento de Zootecnia | ||
| 530 | _aTambién disponible en línea | ||
| 590 |
_aALEPH _b10 _c20130110 _lUCH01 _h1520 |
||
| 590 |
_aBATCH-UPD _b10 _c20130110 _lUCH01 _h0936 |
||
| 590 |
_aBATCH-UPD _b10 _c20130410 _lUCH01 _h0553 |
||
| 590 |
_aBATCH-UPD _b10 _c20130914 _lUCH01 _h0921 |
||
| 590 |
_aBATCH-UPD _b10 _c20140324 _lUCH01 _h1504 |
||
| 590 |
_aBATCH-UPD _b10 _c20141002 _lUCH01 _h0835 |
||
| 590 |
_aBATCH-UPD _b10 _c20180802 _lUCH01 _h0851 |
||
| 590 |
_aCONVERSION _b10 _c20130109 _lUCH01 _h1352 |
||
| 650 | 1 | 4 |
_aFinanzas _xEvaluación. _940940 |
| 650 | 1 | 4 |
_aGanado vacuno _xEngorda. _945461 |
| 650 | 1 | 4 |
_aGanado vacuno _xMercadeo. _945481 |
| 650 | 1 | 4 |
_aProyectos _xEvaluación. _992525 |
| 651 | 1 | 4 |
_aChiapas _xCondiciones económicas. _922225 |
| 856 |
_3Finding aid _uhttp://10.13.5.2/tesis/105697.pdf _zTeclea aqui |
||
| 901 | _aBK | ||
| 905 | _aElisama A. H. | ||
| 942 | _cFOLL | ||
| 949 |
_aTesis _bBC _cTES _d33724002035108 _eTS2 _fc.2 _gDonaciØn _h47081 _i105697 _si |
||
| 949 |
_aTesis _bBC _cTES _d33724002035149 _eTS1 _gDonaciØn _h47080 _i105697 _sb |
||
| 999 |
_c94121 _d94121 |
||